00787cam a2200205 a 450000100090000000300050000900500170001400800410003101000170007202000150008904000180010405000270012208200200014910000270016924501300019626000380032630000200036485601060038485600910049013713215Nust20170424145116.0040908s2004 nyu 000 0 eng  a 2004058274 a0143034537 aDLCcDLCdDLC00aPR9369.3.C58bL43 200400a823.914 COE2221 aCoetzee, J. M.,d1940-10aLecture and speech of acceptance, upon the award of the Nobel Prize, delivered in Stockholm in December 2003 /cJ.M. Coetzee. aNew York :bPenguin Books,c2004. a26 p. ;c19 cm.423Contributor biographical informationuhttp://www.loc.gov/catdir/enhancements/fy0716/2004058274-b.html423Publisher descriptionuhttp://www.loc.gov/catdir/enhancements/fy0716/2004058274-d.html